Ibérica. Geografía e Historia de España

Salvato in:
Dettagli Bibliografici
Autore principale: Vicens Vives, J. Autor
Altri autori: Sobrequés Vidal, S. Autor
Natura: Libro
Lingua:spagnolo
Pubblicazione: Barcelona : Teide 1960
Edizione:2ª ed.
Catalogo:MANES:  Risultati della ricerca del catalogo della biblioteca
Libro di testo Classificazione:
Tags: Aggiungi Tag
Nessun Tag, puoi essere il primo ad aggiungerne!!
Aggiunto a:2024-03-13
Cambiato in:2024-03-14

MARC

LEADER 00000nam a22000007a 4500
003 OSt
005 20240314125132.0
008 240314b |||||||| |||| 00| 0 spa d
040 |a centro_manes  |c Aula Museo de la Universidad de Oviedo 
100 |9 2326  |a Vicens Vives, J. Autor 
245 |a Ibérica.   |b Geografía e Historia de España 
250 |a 2ª ed. 
260 |a Barcelona :   |b Teide   |c 1960 
300 |a 119 p.   |c 21 x 16 cm. 
500 |a Cartulina. Ilustraciones. En portado: “Primer curso de iniciación profesional. Grado de Formación Profesional Industrial” y ambos autores son catedráticos.  
546 |a España 
691 0 |a SE  |a FP 
700 |9 7084  |a Sobrequés Vidal, S. Autor 
942 |2 ddc  |c BK 
999 |c 102021  |d 102021 
999 |c manes:102021  |d 102021